The Cambridge encyclopedia of earth sciences / (Record no. 39254)

MARC details
000 -LEADER
campo de control de longitud fija 00440nam a2200145 i 4500
001 - NÚMERO DE CONTROL
campo de control 39254
003 - IDENTIFICADOR DE NÚMERO DE CONTROL
campo de control ES-MaACL
007 - CAMPO FIJO DE DESCRIPCIÓN FÍSICA--INFORMACIÓN GENERAL
campo de control de longitud fija t|
008 - DATOS DE LONGITUD FIJA--INFORMACIÓN GENERAL
campo de control de longitud fija 030227s1981 xxu ||||1| eng d
245 04 - MENCIÓN DEL TÍTULO
Título The Cambridge encyclopedia of earth sciences /
Mención de responsabilidad, etc. editor-in-chief David G. Smith.
260 ## - PUBLICACIÓN, DISTRIBUCIÓN, ETC.
Lugar de publicación, distribución, etc. New York :
Nombre del editor, distribuidor, etc. Crown Publisher,
Fecha de publicación, distribución, etc. [1981]
300 ## - DESCRIPCIÓN FÍSICA
Extensión 496 p. :
Otras características físicas il. ;
Dimensiones 27 cm.
700 1# - ENTRADA AGREGADA--NOMBRE PERSONAL
Nombre de persona Smith, David G.
9 (RLIN) 106861
852 ## - LOCALIZACIÓN
Ubicación ES-MaACL
Número de control de estantería L-4236
Sublocalización o colección R.104878
Holdings
Estatus retirado Estado de pérdida Estado de daño No para préstamo Biblioteca de origen Biblioteca actual Ubicación en estantería Fecha de adquisición Fuente de adquisición Total de préstamos Signatura topográfica completa Código de barras Visto por última vez Precio de reemplazo Tipo de ítem Koha
        Biblioteca del Ateneo de Madrid Biblioteca del Ateneo de Madrid Depósito 2 17/01/2008     L-4236 1041334 23/02/2023 23/02/2023 Libro impreso